banner-ar

تزوير الخطوط: طرق ارتكابة ووسائل كشفة, ط2 / (Record no. 45141)

MARC details
000 -الفاتح
حقل البيانات ثابتة الطول 00650nam a2200217Ia 4500
008 - عناصر البيانات ثابتة الطول - معلومات عامة
حقل البيانات ثابتة الطول 140319s9999 xx 000 0 ara d
040 ## - مصدر الفهرسة
وكالة الفهرسة الأصلية GCL /
وكالة النسخ GCL
082 04 - رقم تصنيف ديوى العشرى
رقم التصنيف 364.12
رقم المادة م ت
100 1# - المدخل الرئيسى - إسم شخصى
الإسم الشخصى مأمون كامل
245 10 - بيان العنوان
العنوان تزوير الخطوط: طرق ارتكابة ووسائل كشفة, ط2 /
بيان المسئوليه,etc مأمون كامل
700 1# - المدخل الاضافى - اسم شخصى
الإسم الشخصى عبدالحليم يوسف
260 ## - PUBLICATION, DISTRIBUTION, ETC. (IMPRINT)
تاريخ النشر أو التوزيع 1994
300 ## - الوصف المادى
التعداد 260 ص
490 ## - بيان السلسلة
عنوان السلسلة
650 04 - المدخل الاضافى بالموضوع-مصطلح موضوعى
مصطلح موضوعي القانون
650 04 - المدخل الاضافى بالموضوع-مصطلح موضوعى
مصطلح موضوعي جرائم التزوير
650 04 - المدخل الاضافى بالموضوع-مصطلح موضوعى
مصطلح موضوعي الخطوط
650 04 - المدخل الاضافى بالموضوع-مصطلح موضوعى
مصطلح موضوعي التزوير
942 ## - عناصر المدخل الإضافي( كوها)
مصدر التصنيف او مخطط الترفيف Dewey Decimal Classification
Koha [default] item type كتاب
260 ## - PUBLICATION, DISTRIBUTION, ETC. (IMPRINT)
-- [S.N] :
-- الراعى للطباعة والنشر ،
Holdings
حالة التراجع حالة الفقد حالة تلف ليس للاعارة المكان المؤقت الموقع الحالى تاريخ الاكتساب اجمالي اﻻعارات رقم الطلب الباركود تاريخ اخر مشاهدة تاريخ تفعيل السعر نوع وعاء كوها
        مكتبة القاهرة الكبرى مكتبة القاهرة الكبرى 03/26/2014   364.12\م ت 110201 03/26/2014 03/26/2014 كتاب

Powered By

EGPV